[Event "C.to Provinciale CO"]
[Site "Como ITA"]
[Date "2006.02.12"]
[Round "2"]
[White "Panzetta, Vieri"]
[Black "Pede, Lucio"]
[Result "1/2-1/2"]
[WhiteElo "1462"]
[BlackElo "1715"]
[PlyCount "60"]
[EventDate "2006.02.11"]

1. e4 e5 2. Nf3 Nc6 3. Bb5 a6 4. Bxc6 bxc6 5. d4 exd4 6. Nxd4 c5 7. Nf3 Be7 8.
Nc3 d6 9. O-O c6 10. h3 h6 11. b3 Be6 12. Bb2 Nf6 13. e5 Nh7 14. exd6 Qxd6 15.
Qxd6 Bxd6 16. Ne4 Bf8 17. c4 O-O-O 18. Rad1 Rg8 19. Rxd8+ Kxd8 20. Rd1+ Kc7 21.
Be5+ Kb6 22. Rd8 f6 23. Bd6 Bxd6 24. Rxg8 Bxg8 25. Nxd6 Be6 26. Ne8 g5 27. Ng7
Bf7 28. Nf5 h5 29. Ng7 Ka7 30. a3 h4 1/2-1/2

[Event "C.to Provinciale CO"]
[Site "Como ITA"]
[Date "2006.02.12"]
[Round "2"]
[White "Rossi, Giampiero"]
[Black "Grassetto, Gilberto"]
[Result "1-0"]
[WhiteElo "2012"]
[BlackElo "1760"]
[PlyCount "119"]
[EventDate "2006.02.11"]

1. d4 d5 2. c4 dxc4 3. Nf3 Nf6 4. e3 a6 5. Bxc4 b5 6. Bb3 Bb7 7. O-O e6 8. Nc3
c5 9. Qe2 c4 10. Bc2 Be7 11. Rd1 O-O 12. Bd2 Nbd7 13. Be1 Nb6 14. Rac1 Qc7 15.
a3 Ng4 16. h3 Nf6 17. Bb1 Rac8 18. Ne5 Rfe8 19. Ng4 Qb8 20. Nxf6+ Bxf6 21. Qg4
g6 22. f3 Bg7 23. Qg3 Bh6 24. Qf2 Rcd8 25. Bd2 Bg7 26. Ne2 e5 27. Ba5 Ba8 28.
e4 exd4 29. Nxd4 Bxd4 30. Rxd4 Rxd4 31. Qxd4 Nc8 32. Bc3 Qb6 33. Qxb6 Nxb6 34.
Rd1 Bb7 35. Bc2 Bc8 36. Rd6 Nd7 37. a4 Nf8 38. axb5 axb5 39. Rb6 Bd7 40. Kf2
Rc8 41. Ke3 Ne6 42. Be5 Kf8 43. Rb8 Rxb8 44. Bxb8 Ke7 45. e5 Kd8 46. Bd6 Kc8
47. h4 Kb7 48. f4 Bc6 49. g4 Nc7 50. Bxc7 Kxc7 51. f5 Be8 52. Kd4 Kc6 53. b3
cxb3 54. Bxb3 Kb6 55. f6 h6 56. e6 fxe6 57. Bxe6 g5 58. hxg5 hxg5 59. f7 Bxf7
60. Bxf7 1-0

[Event "C.to Provinciale CO"]
[Site "Como ITA"]
[Date "2006.02.12"]
[Round "2"]
[White "Vulpis, Domenico"]
[Black "Buonocore, Elio"]
[Result "0-1"]
[WhiteElo "1897"]
[BlackElo "2156"]
[PlyCount "52"]
[EventDate "2006.02.11"]

1. e4 c5 2. d4 cxd4 3. c3 dxc3 4. Nxc3 Nc6 5. Nf3 e6 6. Bc4 a6 7. O-O Nge7 8.
Qe2 Ng6 9. Rd1 Be7 10. Be3 b5 11. Bb3 O-O 12. Rac1 Bb7 13. Qd2 Na5 14. Qxd7
Qxd7 15. Rxd7 Bc6 16. Rdd1 Nxb3 17. axb3 b4 18. Nd5 exd5 19. Rxc6 dxe4 20. Ng5
Bxg5 21. Bxg5 Rfc8 22. Rxc8+ Rxc8 23. Rd4 f5 24. Rxb4 h6 25. Bd2 Rd8 26. Be1
Rd1 0-1

[Event "C.to Provinciale CO"]
[Site "Como ITA"]
[Date "2006.02.12"]
[Round "3"]
[White "Buonocore, Elio"]
[Black "Rossi, Giampiero"]
[Result "1-0"]
[WhiteElo "2156"]
[BlackElo "2012"]
[PlyCount "71"]
[EventDate "2006.02.11"]

1. e4 c5 2. Nf3 e6 3. d4 cxd4 4. Nxd4 a6 5. Nc3 Qc7 6. Be2 Nf6 7. O-O Nc6 8.
Be3 Bb4 9. Na4 O-O 10. c4 Bd6 11. g3 Nxe4 12. Bf3 Nf6 13. c5 Be7 14. Rc1 Re8
15. Bg2 Nb4 16. Nb6 Rb8 17. a3 Nc6 18. b4 Nxd4 19. Qxd4 d6 20. cxd6 Qxd6 21.
Qxd6 Bxd6 22. Rxc8 Rexc8 23. Nxc8 Rxc8 24. Bxb7 Rb8 25. Rd1 Bf8 26. Bxa6 Ra8
27. b5 Bxa3 28. Bb7 Rb8 29. Bc6 Nd5 30. Bxd5 exd5 31. Rxd5 Kf8 32. b6 Rb7 33.
Ra5 Bd6 34. Ra8+ Rb8 35. Rxb8+ Bxb8 36. Bf4 1-0

[Event "C.to Provinciale CO"]
[Site "Como ITA"]
[Date "2006.02.12"]
[Round "3"]
[White "Cervini, Gian Piero"]
[Black "Vulpis, Domenico"]
[Result "1-0"]
[WhiteElo "1955"]
[BlackElo "1897"]
[PlyCount "31"]
[EventDate "2006.02.11"]

1. e4 d6 2. d4 Nf6 3. Nc3 g6 4. Bg5 Bg7 5. f4 h6 6. Bh4 Nh5 7. Qd2 g5 8. fxg5
e5 9. d5 Nf4 10. Nf3 Ng6 11. Bf2 hxg5 12. Qxg5 Qxg5 13. Nxg5 Bf6 14. Nf3 Bg4
15. h3 Nd7 16. Nh2 1-0

[Event "C.to Provinciale CO"]
[Site "Como ITA"]
[Date "2006.02.12"]
[Round "3"]
[White "Corti, Filippo"]
[Black "Emoroso, Claudio"]
[Result "0-1"]
[WhiteElo "1634"]
[BlackElo "1823"]
[PlyCount "52"]
[EventDate "2006.02.11"]

1. Nf3 Nf6 2. g3 g6 3. Bg2 Bg7 4. O-O O-O 5. d3 d5 6. Nbd2 c6 7. c3 Nbd7 8. Qc2
e5 9. e4 dxe4 10. dxe4 Re8 11. Re1 Nc5 12. Bf1 Bg4 13. b4 Ncxe4 14. Rxe4 Nxe4
15. Qxe4 Bf5 16. Qc4 Qc7 17. Ne4 b5 18. Qe2 Be6 19. Be3 f5 20. Nc5 Bd5 21. Bg2
f4 22. Bd2 e4 23. Bxf4 exf3 24. Bxf3 Rxe2 25. Bxc7 Bxf3 26. Rd1 Rae8 0-1

[Event "C.to Provinciale CO"]
[Site "Como ITA"]
[Date "2006.02.12"]
[Round "3"]
[White "Crippa, Gabriele"]
[Black "Coppola, Guido"]
[Result "1-0"]
[WhiteElo "2082"]
[BlackElo "2002"]
[PlyCount "37"]
[EventDate "2006.02.11"]

1. d4 d5 2. Bf4 e6 3. e3 Bd6 4. Bg3 Nc6 5. Nf3 Bd7 6. c4 Bxg3 7. hxg3 Qe7 8.
Nc3 Nf6 9. a3 a6 10. Qc2 g6 11. O-O-O dxc4 12. Bxc4 b5 13. d5 Na5 14. dxe6 fxe6
15. Be2 c5 16. Ne5 Rc8 17. Ne4 Rc7 18. Nd6+ Kf8 19. Nxg6+ 1-0

[Event "C.to Provinciale CO"]
[Site "Como ITA"]
[Date "2006.02.12"]
[Round "3"]
[White "Grassetto, Gilberto"]
[Black "Ghelfi, Giancarlo"]
[Result "1-0"]
[WhiteElo "1760"]
[BlackElo "1628"]
[PlyCount "89"]
[EventDate "2006.02.11"]

1. d4 Nf6 2. c4 g6 3. Nc3 Bg7 4. e4 d6 5. f3 O-O 6. Be3 e5 7. d5 Nbd7 8. Nge2
Nh5 9. h4 h6 10. g4 Nhf6 11. Qd2 h5 12. gxh5 Nxh5 13. O-O-O Re8 14. Bh6 Bh8 15.
Bg5 Bf6 16. Bh3 Nf8 17. Rdg1 Nh7 18. Bxc8 Rxc8 19. Bxf6 Qxf6 20. Qe3 a6 21. Kb1
Kf8 22. Ng3 Nxg3 23. Rxg3 Ke7 24. h5 g5 25. c5 Rg8 26. c6 b6 27. Nd1 Rg7 28.
Qf2 Kf8 29. Ne3 Qf4 30. Rg4 Qf6 31. Nf5 Rg8 32. Qg2 Rb8 33. Qh3 a5 34. Rhg1 Qd8
35. Qh2 Qf6 36. f4 exf4 37. Qxf4 Re8 38. Qf3 Qe5 39. Rf1 Qf6 40. Qd3 Qd8 41.
Nd4 Nf6 42. Rg2 Nxe4 43. Ne6+ Rxe6 44. dxe6 Nf6 45. Rgf2 1-0

[Event "C.to Provinciale CO"]
[Site "Como ITA"]
[Date "2006.02.12"]
[Round "3"]
[White "Liscio, Giovanni"]
[Black "Gagliardi, Christian"]
[Result "0-1"]
[WhiteElo "2009"]
[BlackElo "2114"]
[PlyCount "90"]
[EventDate "2006.02.11"]

1. d4 g6 2. e4 Bg7 3. c4 d6 4. Nc3 Nc6 5. Be3 e5 6. d5 Nce7 7. c5 f5 8. f3 Nf6
9. Bd3 O-O 10. Nge2 Kh8 11. Qd2 fxe4 12. Bxe4 Nf5 13. Ng3 Nxe3 14. Qxe3 Nxe4
15. Ngxe4 Qh4+ 16. Qf2 Qd8 17. cxd6 cxd6 18. Qd2 a6 19. O-O Qb6+ 20. Qf2 Qd8
21. b4 Bf5 22. Qe3 h5 23. a4 Kh7 24. Ng5+ Kg8 25. Nce4 Bh6 26. h4 Kg7 27. Kh1
Rc8 28. Rac1 Rxc1 29. Rxc1 Re8 30. b5 axb5 31. axb5 Bxe4 32. fxe4 Bxg5 33. hxg5
Rf8 34. g3 Qd7 35. Kg2 Qxb5 36. Rc7+ Kg8 37. Rc1 b6 38. Kg1 Qb2 39. Rc6 Ra8 40.
Rc1 b5 41. Rf1 Ra2 42. Rf2 Qxf2+ 43. Qxf2 Rxf2 44. Kxf2 Kf7 45. Ke3 Ke7 0-1

[Event "C.to Provinciale CO"]
[Site "Como ITA"]
[Date "2006.02.12"]
[Round "3"]
[White "Luppi, Dario"]
[Black "Baron, Mauro"]
[Result "1-0"]
[WhiteElo "1727"]
[BlackElo "1353"]
[PlyCount "43"]
[EventDate "2006.02.11"]

1. d4 Nf6 2. Bf4 d6 3. e3 g6 4. h3 Bg7 5. Nf3 O-O 6. Be2 b6 7. O-O Bb7 8. Nbd2
Nbd7 9. c3 Rc8 10. Qb3 c5 11. Rfe1 Rc7 12. Rad1 cxd4 13. exd4 Qa8 14. Bc4 Nb8
15. Re3 Rd7 16. Rde1 Bd5 17. Rxe7 Rfd8 18. Rxd7 Rxd7 19. Bxd5 Nxd5 20. Re8+ Bf8
21. Bh6 f6 22. Rxf8# 1-0

[Event "C.to Provinciale CO"]
[Site "Como ITA"]
[Date "2006.02.12"]
[Round "3"]
[White "Mason, Giovanni"]
[Black "Zuccoli, Maurizio"]
[Result "0-1"]
[WhiteElo "1541"]
[BlackElo "1721"]
[PlyCount "64"]
[EventDate "2006.02.11"]

1. e4 c5 2. Nf3 d6 3. Nc3 Nf6 4. h3 a6 5. d4 cxd4 6. Nxd4 e6 7. Bg5 Be7 8. Bd3
Qc7 9. O-O Nbd7 10. Nf3 b5 11. Re1 Bb7 12. Qd2 O-O 13. Rad1 Rac8 14. Nb1 Rfd8
15. c3 Nc5 16. Bxf6 Bxf6 17. Bc2 Ba8 18. Qf4 h6 19. Nbd2 Nd7 20. Nf1 Ne5 21.
Nxe5 Bxe5 22. Qe3 b4 23. f4 Bf6 24. e5 dxe5 25. Rxd8+ Bxd8 26. Qd3 e4 27. Rxe4
Bxe4 28. Qxe4 Qc5+ 29. Kh1 Bb6 30. Kh2 g6 31. h4 Qg1+ 32. Kg3 Qxf1 0-1

[Event "C.to Provinciale CO"]
[Site "Como ITA"]
[Date "2006.02.12"]
[Round "3"]
[White "Raineri, Pieroberto"]
[Black "Lancianese, Giuseppe"]
[Result "1-0"]
[WhiteElo "1568"]
[BlackElo "1751"]
[PlyCount "91"]
[EventDate "2006.02.11"]

1. Nf3 f5 2. c4 Nf6 3. g3 e6 4. Bg2 Be7 5. Nc3 O-O 6. O-O d5 7. cxd5 exd5 8. e3
c6 9. a3 Nbd7 10. b4 a6 11. Ne2 Ne4 12. Nfd4 Ndf6 13. Nf4 Qd6 14. Bb2 Bd7 15.
h4 Ne8 16. d3 N4f6 17. Bh3 g6 18. Nf3 Qc7 19. Ng5 Ng7 20. Bxf6 Bxf6 21. d4 Be7
22. Rc1 Bd6 23. Nxd5 Qd8 24. Nf4 Qe8 25. Qb3+ Kh8 26. Rfe1 Qe7 27. Bg2 Qf6 28.
d5 h6 29. Ngh3 g5 30. hxg5 hxg5 31. dxc6 bxc6 32. Ne2 Be6 33. Qa4 f4 34. exf4
Bxh3 35. Bxh3 gxf4 36. Rxc6 fxg3 37. f4 Qh4 38. Kg2 Nf5 39. Rh1 Ne3+ 40. Kg1 g2
41. Bxg2 Qxh1+ 42. Kxh1 Rf6 43. Rxd6 Rxd6 44. Bxa8 Rh6+ 45. Kg1 Rg6+ 46. Kf2
1-0

[Event "C.to Provinciale CO"]
[Site "Como ITA"]
[Date "2006.02.12"]
[Round "3"]
[White "Revinelli, Sergio"]
[Black "Trifoni, Giorgio"]
[Result "1/2-1/2"]
[WhiteElo "1841"]
[BlackElo "1688"]
[PlyCount "140"]
[EventDate "2006.02.11"]

1. e4 c5 2. Nf3 a6 3. c4 Nc6 4. d4 cxd4 5. Nxd4 e5 6. Nb3 Nf6 7. Bd3 Bb4+ 8.
Nc3 O-O 9. O-O b6 10. Be3 Bb7 11. f3 a5 12. Na4 Nh5 13. Nxb6 a4 14. Nxa8 axb3
15. Nb6 Nd4 16. Nd5 Bc5 17. axb3 Bxd5 18. cxd5 Qb6 19. Bf2 Qxb3 20. Qxb3 Nxb3
21. Bxc5 Nxc5 22. Bc4 Rb8 23. b3 g6 24. Ra3 d6 25. Rfa1 Kg7 26. Kf2 Nf4 27. g3
Nfd3+ 28. Bxd3 Nxd3+ 29. Ke2 Nc5 30. Rb1 Rb4 31. Kd2 Rd4+ 32. Ke2 Rb4 33. Ke3
g5 34. Rc1 Kf6 35. Rc4 Rxb3+ 36. Rxb3 Nxb3 37. Rc6 Ke7 38. Rc7+ Ke8 39. f4
gxf4+ 40. gxf4 exf4+ 41. Kxf4 Nc5 42. Rc8+ Ke7 43. Rh8 Nd3+ 44. Ke3 Ne5 45.
Rxh7 Kf6 46. h3 Kg6 47. Rh8 Kf6 48. Ra8 Ke7 49. Kf4 Kf6 50. Ra6 Ng6+ 51. Ke3
Ke7 52. Kd4 Nh4 53. Ra3 Kf6 54. Rg3 Ng6 55. Rg4 Ne5 56. Rf4+ Kg6 57. Rf5 f6 58.
Rxe5 fxe5+ 59. Kc4 Kg5 60. Kb5 Kf4 61. Kc6 Kxe4 62. Kxd6 Kf5 63. Kc5 e4 64. Kd4
Kf4 65. d6 e3 66. Kd3 Kf3 67. d7 e2 68. d8=Q e1=Q 69. Qd5+ Kg3 70. Qh5 Qf1+
1/2-1/2

[Event "C.to Provinciale CO"]
[Site "Como ITA"]
[Date "2006.02.18"]
[Round "4"]
[White "Coppola, Guido"]
[Black "Grassetto, Gilberto"]
[Result "1-0"]
[WhiteElo "2002"]
[BlackElo "1760"]
[PlyCount "32"]
[EventDate "2006.02.11"]

1. e4 c5 2. Nf3 d6 3. d4 cxd4 4. Nxd4 Nf6 5. Nc3 a6 6. Bg5 e6 7. f4 Nbd7 8. Qf3
Qb6 9. O-O-O Qc7 10. g4 b5 11. Bxf6 Nxf6 12. g5 Nd7 13. f5 e5 14. Nd5 Qd8 15.
Nc6 Qxg5+ 16. Kb1 Bb7 1-0

[Event "C.to Provinciale CO"]
[Site "Como ITA"]
[Date "2006.02.18"]
[Round "4"]
[White "Crippa, Gabriele"]
[Black "Buonocore, Elio"]
[Result "1/2-1/2"]
[WhiteElo "2082"]
[BlackElo "2156"]
[PlyCount "72"]
[EventDate "2006.02.11"]

1. d4 f5 2. Bf4 Nf6 3. e3 g6 4. h4 Bg7 5. h5 Nxh5 6. Rxh5 gxh5 7. Qxh5+ Kf8 8.
Qxf5+ Kg8 9. Bc4+ e6 10. Qh5 d5 11. Bb3 Bd7 12. Nc3 Qe8 13. Qh2 Nc6 14. Nb5 Qf7
15. Nf3 Rf8 16. Nxc7 h6 17. Nb5 Qg6 18. Nc3 a6 19. a3 b5 20. Ne5 Bxe5 21. Bxe5
Rh7 22. Bd6 Rf5 23. a4 Rh5 24. Qg1 bxa4 25. Bxa4 e5 26. dxe5 Nxe5 27. Bxe5 Rxe5
28. Bb3 Kf8 29. Qh2 Rhe7 30. O-O-O Bc6 31. e4 dxe4 32. Rd8+ Re8 33. Qxe5 Rxd8
34. Qc5+ Qd6 35. Qf5+ Kg7 36. Qg4+ Kh8 1/2-1/2

[Event "C.to Provinciale CO"]
[Site "Como ITA"]
[Date "2006.02.18"]
[Round "4"]
[White "Emoroso, Claudio"]
[Black "Raineri, Pieroberto"]
[Result "1-0"]
[WhiteElo "1823"]
[BlackElo "1568"]
[PlyCount "77"]
[EventDate "2006.02.11"]

1. e4 c5 2. Nf3 Nc6 3. d4 cxd4 4. Nxd4 Nf6 5. Nxc6 bxc6 6. Bd3 g6 7. O-O Bg7 8.
Nd2 d5 9. Rb1 Bg4 10. Qe1 Qc7 11. e5 Nd7 12. f4 Nc5 13. Nb3 Nxb3 14. axb3 h5
15. Kh1 e6 16. Bd2 Bf8 17. Ra1 Bc5 18. b4 Bb6 19. c4 dxc4 20. Bxc4 Bf5 21. b5
Kf8 22. Bb4+ c5 23. Bc3 h4 24. h3 Qb7 25. Kh2 Be4 26. Qe2 Bf5 27. Rad1 Qe4 28.
Qxe4 Bxe4 29. Rd7 Rd8 30. Rxd8+ Bxd8 31. Ra1 Bb6 32. Be1 Bd5 33. b3 Rg8 34.
Bxh4 Kg7 35. Bf6+ Kh6 36. g4 Rc8 37. Rd1 Bxc4 38. bxc4 Rc7 39. g5+ 1-0

[Event "C.to Provinciale CO"]
[Site "Como ITA"]
[Date "2006.02.18"]
[Round "4"]
[White "Gagliardi, Christian"]
[Black "Cervini, Gian Piero"]
[Result "1-0"]
[WhiteElo "2114"]
[BlackElo "1955"]
[PlyCount "107"]
[EventDate "2006.02.11"]

1. Nf3 Nf6 2. g3 g6 3. Bg2 Bg7 4. d3 d6 5. O-O O-O 6. Nbd2 c5 7. e4 Nc6 8. Re1
Qc7 9. c3 Nd7 10. Qe2 b5 11. d4 Rb8 12. Nb3 c4 13. d5 Nce5 14. Nbd4 Nxf3+ 15.
Qxf3 Ne5 16. Qe2 Nd3 17. Rd1 Bd7 18. Be3 Rb7 19. f4 e5 20. dxe6 fxe6 21. Rxd3
cxd3 22. Qxd3 Qc4 23. Qd2 b4 24. e5 bxc3 25. bxc3 d5 26. Bf1 Qc7 27. Nb3 Rfb8
28. Nc5 Rb2 29. Qd4 Qc6 30. Nb3 Qa4 31. Qxa4 Bxa4 32. Nc5 Bb5 33. Bc1 Rc2 34.
Rb1 Rxc3 35. Nxe6 Rb6 36. Bd2 Rc2 37. Be3 Rxe6 38. Rxb5 Rxa2 39. Bg2 Ra1+ 40.
Kf2 Re8 41. Bxd5+ Kh8 42. Bf7 Rc8 43. e6 Ra2+ 44. Kf3 Ra3 45. Ke4 Ra4+ 46. Kd5
Rd8+ 47. Kc6 Bf8 48. Rb7 Ra6+ 49. Kb5 Ra3 50. Bxa7 Rb3+ 51. Ka6 Rd6+ 52. Rb6
Ra3+ 53. Kb7 Rd7+ 54. exd7 1-0

[Event "C.to Provinciale CO"]
[Site "Como ITA"]
[Date "2006.02.18"]
[Round "4"]
[White "Ghelfi, Giancarlo"]
[Black "Baron, Mauro"]
[Result "1-0"]
[WhiteElo "1628"]
[BlackElo "1353"]
[PlyCount "49"]
[EventDate "2006.02.11"]

1. e4 b6 2. d4 e6 3. Nf3 Bb7 4. Nc3 h6 5. Bd3 Ne7 6. O-O Nbc6 7. Re1 d6 8. d5
exd5 9. exd5 Ne5 10. Nxe5 dxe5 11. Rxe5 g6 12. Bb5+ c6 13. dxc6 Qxd1+ 14. Nxd1
Bc8 15. Re3 Kd8 16. Rd3+ Ke8 17. c7+ Nc6 18. Bxc6+ Ke7 19. Bxa8 Kf6 20. Rd8 Be6
21. Bd5 Bxd5 22. c8=Q Be6 23. Qc3+ Ke7 24. Qxh8 f6 25. Qxf8# 1-0

[Event "C.to Provinciale CO"]
[Site "Como ITA"]
[Date "2006.02.18"]
[Round "4"]
[White "Lancianese, Giuseppe"]
[Black "Revinelli, Sergio"]
[Result "1/2-1/2"]
[WhiteElo "1751"]
[BlackElo "1841"]
[PlyCount "59"]
[EventDate "2006.02.11"]

1. Nf3 Nf6 2. d4 d5 3. Bf4 c5 4. e3 Nc6 5. c3 Qb6 6. Qc2 Bf5 7. dxc5 Bxc2 8.
cxb6 Bxb1 9. Rxb1 axb6 10. a3 e6 11. Bb5 Be7 12. Bc7 Bd8 13. Bg3 O-O 14. Bd6
Be7 15. Bxc6 Bxd6 16. Bxb7 Ra7 17. Bc6 Rc7 18. Ba4 Be7 19. O-O Ne4 20. g3 Rfc8
21. Kg2 Rc4 22. Bb5 R4c7 23. Bd3 Nc5 24. Rfd1 Nd7 25. e4 dxe4 26. Bxe4 Nf6 27.
Bd3 g6 28. Rd2 Kg7 29. Rbd1 Rc5 30. a4 1/2-1/2

[Event "C.to Provinciale CO"]
[Site "Como ITA"]
[Date "2006.02.18"]
[Round "4"]
[White "Panzetta, Vieri"]
[Black "Corti, Filippo"]
[Result "0-1"]
[WhiteElo "1462"]
[BlackElo "1634"]
[PlyCount "94"]
[EventDate "2006.02.11"]

1. e4 c6 2. d4 d5 3. exd5 cxd5 4. c3 Nf6 5. Nf3 Nc6 6. Bb5 a6 7. Qa4 Bd7 8.
Bxc6 Bxc6 9. Qd1 e6 10. O-O Bd6 11. Nbd2 Qc7 12. Re1 Ne4 13. h3 O-O-O 14. Nxe4
dxe4 15. Nd2 f5 16. Nc4 Bb5 17. Nxd6+ Qxd6 18. Bg5 Rd7 19. Qc1 h6 20. Bf4 Qe7
21. Be5 Rg8 22. c4 Bc6 23. Qc3 g5 24. Qa5 g4 25. hxg4 Qd8 26. Qxd8+ Rdxd8 27.
gxf5 exf5 28. g3 Rdf8 29. Kh2 Rg5 30. Bf4 Rh5+ 31. Kg1 e3 32. fxe3 Rh1+ 33. Kf2
Rh2+ 34. Kf1 Be4 35. Kg1 Rg2+ 36. Kf1 Rxb2 37. Rac1 h5 38. c5 Rg8 39. Rc3 h4
40. gxh4 Rgg2 41. Rb3 Rgf2+ 42. Kg1 Bf3 43. Rb1 Rg2+ 44. Kf1 Rxa2 45. e4 Bxe4
46. h5 Raf2+ 47. Ke1 Rxf4 0-1

[Event "C.to Provinciale CO"]
[Site "Como ITA"]
[Date "2006.02.18"]
[Round "4"]
[White "Trifoni, Giorgio"]
[Black "Pede, Lucio"]
[Result "0-1"]
[WhiteElo "1688"]
[BlackElo "1715"]
[PlyCount "92"]
[EventDate "2006.02.11"]

1. Nf3 d5 2. b4 a5 3. b5 c5 4. Bb2 Nf6 5. e3 e6 6. c4 dxc4 7. Bxc4 Be7 8. a4
O-O 9. O-O b6 10. Qc2 h6 11. d4 Bb7 12. Nbd2 Nbd7 13. Rfd1 Qc7 14. Bd3 Rac8 15.
Rac1 Nd5 16. dxc5 Nxc5 17. Be5 Qd7 18. Nc4 Qe8 19. Nd6 Bxd6 20. Bxd6 Nb4 21.
Bh7+ Kh8 22. Qb1 Bxf3 23. gxf3 g6 24. Bxf8 Qxf8 25. Bxg6 Qg7 26. Qa1 Qxa1 27.
Rxa1 fxg6 28. Rd6 Rb8 29. Kg2 Kg7 30. Kg3 Kf6 31. f4 Ne4+ 32. Kf3 Nxd6 33. e4
Ke7 34. h4 g5 35. hxg5 hxg5 36. fxg5 Rg8 37. Rg1 Nf7 38. Kf4 Nd3+ 39. Ke3 Nc5
40. f4 Nxa4 41. Kd4 e5+ 42. fxe5 Rxg5 43. Rc1 Nc5 44. Rh1 Rxe5 45. Rh4 Rxe4+
46. Rxe4+ Nxe4 0-1

[Event "C.to Provinciale CO"]
[Site "Como ITA"]
[Date "2006.02.18"]
[Round "4"]
[White "Zuccoli, Maurizio"]
[Black "Liscio, Giovanni"]
[Result "0-1"]
[WhiteElo "1721"]
[BlackElo "2009"]
[PlyCount "82"]
[EventDate "2006.02.11"]

1. e4 e5 2. Nf3 Nf6 3. Nc3 d6 4. Bc4 Be6 5. Bxe6 fxe6 6. d4 exd4 7. Nxd4 Qd7 8.
O-O Nc6 9. Re1 O-O-O 10. Be3 Nxd4 11. Qxd4 c5 12. Qd3 d5 13. exd5 exd5 14. Bf4
a6 15. a4 Bd6 16. Bxd6 Qxd6 17. a5 Rhe8 18. Na4 Re7 19. Rxe7 Qxe7 20. Qc3 Nd7
21. Re1 Qf8 22. Qh3 Kb8 23. Qxh7 Qf6 24. Qd3 Rf8 25. f3 Qh4 26. Rd1 Qxa4 27.
Qxd5 Kc8 28. Qe6 Qc6 29. Qe7 Rg8 30. Rd6 Qc7 31. Qe6 Rd8 32. Rb6 Kb8 33. Rd6
Nf6 34. Rb6 Re8 35. Qb3 Qe7 36. h3 Nh5 37. f4 Nxf4 38. Kh1 Ne2 39. Rxa6 Nd4 40.
Qb6 Qe1+ 41. Kh2 Nf3+ 0-1

[Event "C.to Provinciale CO"]
[Site "Como ITA"]
[Date "2006.02.19"]
[Round "5"]
[White "Buonocore, Elio"]
[Black "Gagliardi, Christian"]
[Result "1/2-1/2"]
[WhiteElo "2156"]
[BlackElo "2114"]
[PlyCount "58"]
[EventDate "2006.02.11"]

1. e4 g6 2. d4 Bg7 3. Nc3 d6 4. f4 c6 5. Nf3 d5 6. e5 h5 7. Bd3 Nh6 8. Be3 Bf5
9. O-O e6 10. Bf2 Nd7 11. Ne2 Bxd3 12. Qxd3 Nf5 13. h3 h4 14. b3 Bf8 15. c4 Be7
16. c5 Kf8 17. Nh2 Kg7 18. Ng4 Qc7 19. Kh1 Nf8 20. Ng1 Nd7 21. Nf3 Rh5 22. b4
Rhh8 23. Rfb1 a6 24. Qd2 Qd8 25. a3 Qc7 26. Qe1 Qd8 27. Ne3 Nf8 28. Ra2 Rh5 29.
Rab2 Nd7 1/2-1/2

[Event "C.to Provinciale CO"]
[Site "Como ITA"]
[Date "2006.02.19"]
[Round "5"]
[White "Cacia, Vincenzo"]
[Black "Demarco, Mattia"]
[Result "1-0"]
[WhiteElo "1434"]
[BlackElo "1380"]
[PlyCount "85"]
[EventDate "2006.02.11"]

1. Nc3 e5 2. e4 Nc6 3. a3 Bc5 4. Bc4 d6 5. Qh5 Qe7 6. d3 Nf6 7. Qh4 Be6 8. Bxe6
Qxe6 9. Nh3 O-O-O 10. Bg5 h6 11. Bd2 Qg4 12. Qxg4+ Nxg4 13. Nd5 Nd4 14. O-O-O
Ne2+ 15. Kb1 Bxf2 16. Rhf1 Be3 17. Nxe3 Nf6 18. c3 Nf4 19. Nxf4 exf4 20. Rxf4
c6 21. c4 d5 22. exd5 cxd5 23. c5 Rhe8 24. Re1 Kb8 25. Nf5 Nh5 26. Rxe8 Rxe8
27. Nd6 Nxf4 28. Nxe8 Nxg2 29. d4 f5 30. Kc2 g5 31. Kd3 f4 32. Ke2 g4 33. Nf6
g3 34. hxg3 fxg3 35. Kf3 Nh4+ 36. Kxg3 Nf5+ 37. Kg4 Nxd4 38. Nxd5 Nb3 39. Be3
a6 40. Kh5 Ka7 41. c6+ Kb8 42. c7+ Kc8 43. Bf4 1-0

[Event "C.to Provinciale CO"]
[Site "Como ITA"]
[Date "2006.02.19"]
[Round "5"]
[White "Cervini, Gian Piero"]
[Black "Coppola, Guido"]
[Result "0-1"]
[WhiteElo "1955"]
[BlackElo "2002"]
[PlyCount "108"]
[EventDate "2006.02.11"]

1. e4 c5 2. c3 Nf6 3. e5 Nd5 4. d4 cxd4 5. cxd4 e6 6. Nf3 Bb4+ 7. Bd2 Bxd2+ 8.
Qxd2 d6 9. Nc3 dxe5 10. Nxe5 O-O 11. Bd3 Nd7 12. Nxd5 exd5 13. O-O Nf6 14. Rac1
Be6 15. Rc3 Qd6 16. a3 Rfd8 17. Re1 Rac8 18. Bb1 Rxc3 19. Qxc3 Rc8 20. Qe3 g6
21. f4 Rd8 22. f5 Bc8 23. fxg6 hxg6 24. Rf1 Ng4 25. Nxg4 Bxg4 26. Qg5 Qd7 27.
Rf6 Re8 28. Bxg6 Re1+ 29. Kf2 Re2+ 30. Kg3 Qc7+ 31. Rf4 fxg6 32. Qxg4 Qc2 33.
Qf3 Re7 34. Qxd5+ Kg7 35. b4 Qc3+ 36. Rf3 Qc7+ 37. Kh3 Qc8+ 38. g4 Qh8+ 39. Kg3
Qb8+ 40. Kg2 Re2+ 41. Kf1 Re7 42. Rf2 Qc8 43. Qf3 Qc1+ 44. Kg2 Qg5 45. Qf8+ Kh7
46. Rf7+ Rxf7 47. Qxf7+ Kh6 48. Qf3 Qd2+ 49. Kg3 Qe1+ 50. Qf2 Qc3+ 51. Qf3 Qe1+
52. Kf4 Qd2+ 53. Ke4 Qc2+ 54. Kd5 Qc6+ 0-1

[Event "C.to Provinciale CO"]
[Site "Como ITA"]
[Date "2006.02.19"]
[Round "5"]
[White "Corti, Filippo"]
[Black "Vulpis, Domenico"]
[Result "0-1"]
[WhiteElo "1634"]
[BlackElo "1897"]
[PlyCount "106"]
[EventDate "2006.02.11"]

1. Nf3 d5 2. g3 Nf6 3. Bg2 Bg4 4. Ne5 Bh5 5. c4 c6 6. cxd5 Nxd5 7. Qb3 Qc7 8.
Nf3 e6 9. Nc3 Be7 10. d3 Nxc3 11. bxc3 Bf6 12. Rb1 b5 13. Bf4 e5 14. Be3 O-O
15. O-O Nd7 16. Rfc1 Nb6 17. Bc5 Rfd8 18. c4 bxc4 19. dxc4 Rab8 20. Qc2 h6 21.
e4 Rd7 22. Bxb6 axb6 23. Rd1 Rbd8 24. Qb3 Rd6 25. Rxd6 Rxd6 26. Rd1 Qd7 27.
Rxd6 Qxd6 28. h3 Qc5 29. a4 Bg6 30. Nh2 Qd4 31. Qc2 Be7 32. Ng4 Bc5 33. Ne3
Qa1+ 34. Kh2 Qd4 35. Kg1 Qa1+ 36. Kh2 Bxe3 37. fxe3 Qa3 38. Qd2 Qxa4 39. Qd8+
Kh7 40. Qxb6 Qxc4 41. h4 Bxe4 42. Bxe4+ Qxe4 43. Qc5 Qd5 44. Qc2+ e4 45. Qf2 c5
46. g4 c4 47. Kh3 c3 48. Qc2 Qd3 49. Qf2 Kg8 50. Qf4 c2 51. Qb8+ Kh7 52. Qf4
Qd5 53. Qf1 Kg8 0-1

[Event "C.to Provinciale CO"]
[Site "Como ITA"]
[Date "2006.02.19"]
[Round "5"]
[White "Liscio, Giovanni"]
[Black "Emoroso, Claudio"]
[Result "1-0"]
[WhiteElo "2009"]
[BlackElo "1823"]
[PlyCount "91"]
[EventDate "2006.02.11"]

1. d4 Nf6 2. c4 g6 3. Nc3 Bg7 4. e4 d6 5. Bd3 e5 6. d5 Nbd7 7. Nge2 a6 8. f3
Nh5 9. Be3 b6 10. Qc2 Nc5 11. b4 Nxd3+ 12. Qxd3 f5 13. Rc1 O-O 14. Qd2 f4 15.
Bf2 a5 16. bxa5 Rxa5 17. Rb1 Bd7 18. Nb5 Bxb5 19. cxb5 Qd7 20. Nc3 g5 21. a4
Kh8 22. Qd3 g4 23. fxg4 Qxg4 24. Qf3 Qxf3 25. gxf3 Bf6 26. Kd2 Rg8 27. Rbg1
Raa8 28. Kc2 Rxg1 29. Rxg1 Rg8 30. Rxg8+ Kxg8 31. Kb3 Kf7 32. a5 bxa5 33. Ka4
Ke7 34. Kxa5 Kd7 35. Ka6 Bd8 36. Kb7 Ng7 37. Na2 Ne8 38. Nb4 Bf6 39. Na6 Be7
40. Nb8+ Kd8 41. Nc6+ Kd7 42. Nxe7 Kxe7 43. Kc8 Kf7 44. Kd7 Kf8 45. Bh4 Kf7 46.
Bd8 1-0

[Event "C.to Provinciale CO"]
[Site "Como ITA"]
[Date "2006.02.19"]
[Round "5"]
[White "Luppi, Dario"]
[Black "Ghelfi, Giancarlo"]
[Result "1/2-1/2"]
[WhiteElo "1727"]
[BlackElo "1628"]
[PlyCount "92"]
[EventDate "2006.02.11"]

1. d4 Nf6 2. Bf4 g6 3. e3 Bg7 4. Nf3 O-O 5. Be2 d6 6. h3 Nbd7 7. O-O Nb6 8. c4
c6 9. Nbd2 Bd7 10. Qc2 Qc7 11. e4 Nh5 12. Bh2 Nc8 13. g4 Nf6 14. e5 Nxg4 15.
hxg4 Bxg4 16. Qe4 Qd7 17. Ng5 Bf5 18. Qh4 h6 19. Nge4 b6 20. f4 d5 21. Ng3 Bh3
22. Rfd1 Be6 23. Ngf1 dxc4 24. Nxc4 b5 25. Na5 Nb6 26. Ne3 Nd5 27. Qf2 Qc7 28.
Nb3 Rad8 29. Rac1 Qb6 30. Bf3 Nb4 31. Rc5 Bxb3 32. axb3 Rxd4 33. Rxd4 Qxc5 34.
Rd7 e6 35. Nd1 Qc1 36. Qxa7 Nd5 37. Qd4 Qc2 38. Bg3 Qxb3 39. Kf2 Ra8 40. Ra7
Rd8 41. Qc5 Nb4 42. Qe7 Qc2+ 43. Kf1 Rxd1+ 44. Bxd1 Qxd1+ 45. Kf2 Qc2+ 46. Kf1
Qd1+ 1/2-1/2